Séries télévisées françaises les plus longues - Statistiques

Statistiques générales
  • Ce quiz a été pris 79 fois
    27 depuis la dernière actualisation
  • Le résultat moyen est 3 sur 14
Statistiques - réponses
Nombres d'épisodes Séries % Correct
4667 Plus Belle La Vie
90%
1320 Demain nous appartient
81%
538 Ici Tout Commence
52%
1617 Un si grand soleil
52%
458 Kaamelott
14%
761 Les Mystères de l'amour
14%
3316 Scènes de ménages
14%
700 Caméra Café
10%
480 Sous le Soleil
10%
568 Bonne nuit les petits
5%
1700 Nos Chers Voisins
5%
482 La Petite Histoire de France
0%
500 Le Manège Enchanté
0%
518 Premiers Baisers
0%
Aucun quiz correspondant
Distribution des résultats
% des personnes avec chaque résultat
Percentile par nombre de réponses
Votre historique - résultats
Vous n’avez pas pris ce quiz depuis la dernière actualisation